La privatización y la reforma del sector público

Uloženo v:
Podrobná bibliografie
Hlavní autor: Ruza, Jesús
Médium: Elektronický zdroj E-kniha
Jazyk:španělština
Vydáno: Madrid : Minerva Ediciones, 1994.
Edice:Digitalia eBook Collection: Minerva Ediciones.
Témata:
On-line přístup:Digitalia Hispánica
Tagy: Přidat tag
Žádné tagy, Buďte první, kdo vytvoří štítek k tomuto záznamu!

MARC

LEADER 00000nam a2200000Ia 4500
001 DIGMINER0009
003 NyNyDIG
006 m d
007 cr |||||||||||
008 130901s1994 sp ob 000 0 spa
020 |z 9788488123060 (pbk.) 
020 |z 8488123035 (pbk.) 
040 |a DGITA  |b eng  |e pn  |c DGITA 
050 0 0 |a HD3856.S7 ebook 
100 1 |a Ruza, Jesús. 
245 1 3 |a La privatización y la reforma del sector público   |h [electronic resource] /  |c Ester Boserup ; traducción de Ma. Luisa Serrano. 
260 |a Madrid :  |b Minerva Ediciones,  |c 1994.  |e (New York, NY. :  |f Digitalia Inc,   |g 2012). 
300 |a 1 online resource (163 p.) 
504 |a Includes bibliographical references (p. 161-163). 
506 |a Access restricted to subscribing institutions. 
650 0 |a Privatization. 
650 0 |a Government business enterprises. 
655 0 |a Electronic books. 
791 2 |a Digitalia (Firm),  |e distributor. 
830 0 |a Digitalia eBook Collection: Minerva Ediciones. 
856 4 0 |3 Digitalia Hispánica  |u https://digitalia.unach.elogim.com/a/17434/